Digital consumer management: understanding and managing consumer engagement in the digital environment (Record no. 1308292)

MARC details
000 -LEADER
fixed length control field 01002nam a2200217 4500
005 - DATE AND TIME OF LATEST TRANSACTION
control field 20250403135857.0
008 - FIXED-LENGTH DATA ELEMENTS--GENERAL INFORMATION
fixed length control field 250329b |||||||| |||| 00| 0 eng d
020 ## - INTERNATIONAL STANDARD BOOK NUMBER
International Standard Book Number 9781032486024
037 ## - SOURCE OF ACQUISITION
Terms of availability Textual
040 ## - CATALOGING SOURCE
Original cataloging agency RTL
Transcribing agency RTL
084 ## - COLON CLASSIFICATION NUMBER
Classification number X:8:(D6,9(B) R4
100 ## - MAIN ENTRY--PERSONAL NAME
Personal name Mogaji Emmanuel
9 (RLIN) 725334
245 ## - TITLE STATEMENT
Title Digital consumer management: understanding and managing consumer engagement in the digital environment
260 ## - PUBLICATION, DISTRIBUTION, ETC.
Place of publication, distribution, etc. London and New Yark
Name of publisher, distributor, etc. Routledge
Date of publication, distribution, etc. 2024
300 ## - PHYSICAL DESCRIPTION
Extent xv,237p.
Other physical details Includes index
520 ## - SUMMARY, ETC.
Summary, etc. Integrating consumer behavior, digital marketing, digital platform management, web analytics, and marketing insights, Digital Consumer Management provides a holistic understanding—from a brand perspective—of the management of consumers and consumption in the digital ecosystem.
650 ## - SUBJECT ADDED ENTRY--TOPICAL TERM
Topical term or geographic name entry element Consumer Behavior
650 ## - SUBJECT ADDED ENTRY--TOPICAL TERM
Topical term or geographic name entry element Marketing
650 ## - SUBJECT ADDED ENTRY--TOPICAL TERM
Topical term or geographic name entry element Internet/ Digital Marketing/ e- marketing
9 (RLIN) 751608
942 ## - ADDED ENTRY ELEMENTS (KOHA)
Source of classification or shelving scheme Colon Classification (CC)
Suppress in OPAC No
Koha item type Textbook
Classification part X:8:(D6,9(B) R4
Holdings
Withdrawn status Lost status Source of classification or shelving scheme Damaged status Not for loan Home library Current library Date acquired Total Checkouts Full call number Barcode Date last seen Price effective from Koha item type
    Colon Classification (CC)     Ratan Tata Library Ratan Tata Library 2025-03-29   X:8:(D6,9(B) R4 RT1528321 2025-03-29 2025-03-29 Textbook
Copyright @ Delhi University Library System